Antropología de la música: de los géneros tribales a la globalización
Shranjeno v:
| Glavni avtor: | |
|---|---|
| Format: | Knjiga |
| Jezik: | španščina |
| Izdano: |
Buenos Aires
SB
2006
|
| Izdaja: | 1a. ed |
| Serija: | Colección Complejidad Humana
|
| Teme: | |
| Oznake: |
Označite
Brez oznak, prvi označite!
|
MARC
| LEADER | 00000nam a2200000 a 4500 | ||
|---|---|---|---|
| 001 | UCG3830 | ||
| 003 | CL-VaPUC | ||
| 008 | 100916e20060000AG |||||||||||||||||spa|d | ||
| 020 | |a 9871256035 | ||
| 082 | 0 | 4 | |a 780.89 |b REY |2 21 |
| 100 | 0 | |a Reynoso, Carlos |e author |9 553122 | |
| 245 | 1 | 0 | |a Antropología de la música: de los géneros tribales a la globalización |
| 250 | |a 1a. ed | ||
| 300 | |a v | ||
| 942 | |c BK | ||
| 945 | |d 20100916 00:00:00 |a mfarfan | ||
| 260 | |a Buenos Aires |b SB |c 2006 | ||
| 500 | |a V.1: Teorías de la simplicidad | ||
| 650 | 0 | |a Etnomusicología |9 306273 | |
| 650 | 0 | |a Música |9 306269 | |
| 650 | 0 | |a Antropología |9 233030 | |
| 583 | |a last modification |c 20100916 00:00:00 |k Rodrigo Vera | ||
| 490 | 0 | |a Colección Complejidad Humana | |
| 999 | |c 342802 |d 342800 | ||
| 952 | |0 0 |1 0 |4 0 |6 780_890000000000000_REY_2006 |7 0 |8 X |9 439341 |a FDOMLP |b FDOMLP |d 2019-11-22 |h v.1 |i 4720148 |o 780.89 REY 2006 |p 4720148 |r 2019-11-22 |w 2019-11-22 |y BK_X |k BU2 | ||